Quel est le nom de leur stade (Spéciale Bundesliga) - Statistiques

Statistiques générales
  • Ce quiz a été pris 18 fois
  • Le résultat moyen est 3 sur 18
Statistiques - réponses
Equipes Stades % Correct
Bayern Munich Allianz Arena
93%
Borussia Dortmund Signal Iduna Park
73%
Bayer Leverkusen BayArena
47%
RB Leibzig Red Bull Arena
33%
Stuttgart Mercedes-Benz Arena
20%
Mönchengladbach Borussia-Park
7%
Francfort Deutsche Bank Park
7%
Wolfsburg Volkswagen Arena
7%
Werder Weserstadion
7%
Augsbourg Augsbourg
0%
Mainz 05 MEWA Arena
0%
Hoffenheim PreZero Arena
0%
Cologne RheinEnergieSTADION
0%
Fribourg Stade Europa-Park
0%
Darmstadt Stadion am Böllenfalltor
0%
Union Berlin Union Berlin
0%
Heidenheim Voith-Arena
0%
VfL Bochum Vonovia Ruhrstadion
0%
Aucun quiz correspondant
Distribution des résultats
% des personnes avec chaque résultat
Percentile par nombre de réponses
Votre historique - résultats
Vous n’avez pas pris ce quiz